000 00626cam a2200229 4500
001 D10583
008 090401t1979 xxu||||| |||| 00| 0 eng d
022 _a0305-4713
035 _a(Sirsi) u95391
041 _aeng
050 _a344.4201763
100 _aElliott, Neil Emerson
245 _aEstate staff.
250 _aRevised
260 _c1979
350 _a0
490 _aLand Agency and Agriculture Practice Leaflet
_v15
520 _aIn: RICS. Practice leaflets 1974/9.
710 _aRoyal Institution of Chartered Surveyors. Land Agency and Agriculture Division
_91449
942 _n0
948 _c04/03/1997
999 _c98473
_d98473